مٹی کی خو شبو / (Record no. 71927)

MARC details
000 -LEADER
fixed length control field 00917nam a22002537a 4500
005 - DATE AND TIME OF LATEST TRANSACTION
control field 20100826122442.0
008 - FIXED-LENGTH DATA ELEMENTS--GENERAL INFORMATION
fixed length control field 090109t xxu||||| |||| 00| 0urd d
010 ## - LCCN (DPL NO)
LC control number UR-7997
020 ## - INTERNATIONAL STANDARD BOOK NUMBER
Terms of availability 151.00
035 ## - SYSTEM CONTROL NUMBER
System control number U-6552
037 ## - SOURCE OF ACQUISITION
Source of stock number/acquisition DBAD/PUB
040 ## - CATALOGING SOURCE
Original cataloging agency DPL
Language of cataloging urdu
082 ## - DEWEY DECIMAL CLASSIFICATION NUMBER
Classification number 840.92
100 ## - MAIN ENTRY--PERSONAL NAME
9 (RLIN) 12785
Personal name محمد یعقو ب ا سلم
245 ## - TITLE STATEMENT
Title مٹی کی خو شبو /
Remainder of title
Statement of responsibility, etc محمد یعقو ب ا سلم
246 ## - VARYING FORM OF TITLE
Title proper/short title Mitti Ki Khushboo
Remainder of title by Mohammad Yaqoob Aslam
260 ## - PUBLICATION, DISTRIBUTION, ETC. (IMPRINT)
Place of publication, distribution, etc و ا نم با ڈی
Date of publication, distribution, etc 2010
Name of publisher, distributor, etc تا ج پر نٹر س
270 ## - ADDRESS
Address 275, Mohammad Ali Bazar
City Danam Badi
Telephone number 04174-227950
300 ## - PHYSICAL DESCRIPTION
Extent 320 ص
Dimensions 22 س م (Hb)
650 ## - SUBJECT ADDED ENTRY--TOPICAL TERM
9 (RLIN) 12786
700 ## - ADDED ENTRY--PERSONAL NAME
9 (RLIN) 54088
942 ## - ADDED ENTRY ELEMENTS (KOHA)
Source of classification or shelving scheme Dewey Decimal Classification
Item type Urdu Bks
Classification part 840.92
Call number suffix م ح م
Holdings
Withdrawn status Lost status Source of classification or shelving scheme Damaged status Not for loan Collection code Home library Current library Date acquired Cost, normal purchase price Total Checkouts Full call number Barcode Date last seen Copy number Cost, replacement price Koha item type
    Dewey Decimal Classification     Non-fiction D.B.Act.Division D.B.Act.Division 07/12/2012 151.00   840.92 م ح م U-6552 07/12/2012 1 151.00 Urdu Bks

© Delhi Public Library
Hit Counter
free hit counter